Перейти до змісту

Курс физики в задачах. Механика учебное пособие по дисциплине «физика» для очной и заочной форм обучения

В настоящем пособии даны основные понятия, законы и формулы разделов механики курса физики, приведены примеры решения типовых задач по указанным разделам, а также задачи для самостоятельного решения. Может быть использовано не только курсантами и слушателями Санкт-Петербургского университета ГПС МЧС...

Повний опис

Збережено в:
Бібліографічні деталі
Автор: Терлецкий И. А.
Формат: Книга
Мова:Russian
Опубліковано: Санкт-Петербург СПбУ ГПС МЧС России 2020
Онлайн доступ:https://e.lanbook.com/book/438521
https://e.lanbook.com/img/cover/book/438521.jpg
Теги: Додати тег
Немає тегів, Будьте першим, хто поставить тег для цього запису!
LEADER 02175nam0a2200241 i 4500
001 438521
003 RuSpLAN
005 20241021111354.0
008 241021s2020 ru gs 000 0 rus
020 |a 978-5-907386-59-4 
040 |a RuSpLAN 
041 0 |a rus 
044 |a ru 
245 0 0 |a Курс физики в задачах. Механика  |b учебное пособие по дисциплине «физика» для очной и заочной форм обучения  |c Терлецкий И. А. 
260 |a Санкт-Петербург  |b СПбУ ГПС МЧС России  |c 2020 
300 |a 120 с. 
504 |a Библиогр.: доступна в карточке книги, на сайте ЭБС Лань 
520 8 |a В настоящем пособии даны основные понятия, законы и формулы разделов механики курса физики, приведены примеры решения типовых задач по указанным разделам, а также задачи для самостоятельного решения. Может быть использовано не только курсантами и слушателями Санкт-Петербургского университета ГПС МЧС, но и студентами технических специальностей вузов. Учебное пособие предназначено для курсантов и слушателей Санкт- Петербургского университета ГПС МЧС России дистанционного и заочной форм обучения по специальности 20.05.01 «Пожарная безопасность» и по программе бакалавриата 20.03.01 «Техносферная безопасность». 
521 8 |a Книга из коллекции СПбУ ГПС МЧС России - Физика 
100 1 |a Терлецкий И. А. 
856 4 |u https://e.lanbook.com/book/438521 
856 4 8 |u https://e.lanbook.com/img/cover/book/438521.jpg 
953 |a https://e.lanbook.com/img/cover/book/438521.jpg